000 00636nam a22002177a 4500
003 UA-OsUOA
001 62859
007 ta
008 20090914b un ||||| |||| 00| 0 ukr d
100 _aРешетилова О.
090 _a908
_bР47
942 _cSA
040 _aUA-OsUOA
_bukr
_cUA-OsUOA
_dUA-OsUOA
245 _aБез помпезності, але з гордістю. Ігор Пасічник: Героям нової якості в Україні потрібне сприятливе середовище
300 _aС.1-2
955 _a0
041 _aukr
080 _a908
773 0 _w62858
650 7 _2UDC
999 _c348980
_d348980